Popular Sitcoms By Main Characters - Statistics

General Stats
  • This quiz has been taken 179 times
    164 since last reset
  • The average score is 12 of 20
Answer Stats
Years Main Characters Sitcom % Correct
1989-present Homer, Bart, Marge, Lisa, Maggie The Simpsons
98%
1994-2004 Ross, Rachel, Monica, Chandler, Phoebe, Joey Friends
95%
2007-2019 Sheldon, Penny, Leonard, Raj, Howard, Amy, Bernadette Big Bang Theory
87%
2005-2014 Robin, Ted, Lily, The Mother, Marshall, Stella How I Met Your Mother
81%
2009-Present Gloria, Cameron, Phil, Luke, Claire, Alex... Modern Family
78%
1993-2004 Frasier, Niles, Daphne, Roz, Martin, Eddie Frasier
76%
1989-1998 Kramer, George, Elaine, Newman, Jerry Seinfeld
76%
2005-2013 Dwight, Jim, Michael, Pam, Kevin, Andy, Angela, Creed, Ryan... The Office US
76%
1998-2004 Carrie, Samantha, Charlotte, Miranda, Mr. Big Sex and the City
65%
1985-1992 Dorothy, Blanche, Sofia, Rose The Golden Girls
60%
1997-present Eric, Kenny, Kyle, Stan Chef, Token Black, Towelie... South Park
59%
1990-1996 Will, Carlton, Ashley, James, Janet... The Fresh Prince of Bel-Air
59%
2009-2015 Ron, Leslie, April, Andy, Ben, Ann, Jerry, Tom, Mark, Chris, Craig... Parks and Recreation
52%
1951-1957 Lucy, Ricky, Vivian, Fred, Little Ricky I Love Lucy
49%
2009-2015 Annie, Jeff, Britta, Troy, Abed, Dean, Pierce, Senor Ben... Community
41%
1984-1992 Cliff, Claire, Ruddy, Theo, Denise, Vanessa, Olivia The Cosby Show
37%
2003-present Michael, George, Lindsay, Lucille, Maeby, Tobias Arrested Development
36%
1971-1979 Archie, Edith, Gloria, Michael All in the Family
33%
2006-2013 Liz, Keneth, Tracy, Jack, Jenna 30 Rock
27%
2000-2011 Larry, Cheryl, Jeff, Susie, Richard, Leon, Ted, Marty, Sammi... Curb Your Enthusiasm
20%
No matching quizzes found
Score Distribution
Percent of People with Each Score
Percentile by Number Answered
Your Score History
You have not taken this quiz since the last reset